000 00694nam a22002297a 4500
003 OSt
005 20240412074308.0
008 210310b 2020 dr 00| 0 spa d
020 _a9789945095531
040 _aDO-SdBNP
_bspa
_cBNPHU
082 4 _aRD861.5
_bM516p
_222
100 1 _aMejía, Davy
_978052
245 1 0 _aUn planeta en el universo /
_cDavy Mejía.
260 _aSanto Domingo :
_bLuna Insomme Editores,
_c2020.
300 _a78 p. ;
_c21 cm.
500 _aIncluye datos biográficos del autor
590 _aInventariado, 2021 / DG
650 4 0 _aPoesía dominicana
_978053
650 4 0 _aLiteratura dominicana.
_967
910 _aDG/Validado. Control de calidad MFF
942 _2ddc
_cLBS1
999 _c49525
_d49525